Una lectura sobre lo místico en la obra de Walter Benjamin /
El ensayo se ocupa de la dimensión espiritual y mística en la escritura de Walter Benjamin. El misticismo es entendido aquí como discernimiento, cuya base fundamental se encuentra en el análisis y en la teoría del lenguaje que diferencian entre el ser y el quehacer del lenguaje mismo, propuestas por...
Bewaard in:
| Hoofdauteur: | |
|---|---|
| Formaat: | Texto |
| Onderwerpen: | |
| Tags: |
Voeg label toe
Geen labels, Wees de eerste die dit record labelt!
|
MARC
| LEADER | 00000 a a2200000 04500 | ||
|---|---|---|---|
| 001 | 14443 | ||
| 003 | |||
| 040 | |||
| 100 | |a Murillo Córdoba, Martín | ||
| 245 | |a Una lectura sobre lo místico en la obra de Walter Benjamin / |c Martín Murillo Córdoba | ||
| 520 | |a El ensayo se ocupa de la dimensión espiritual y mística en la escritura de Walter Benjamin. El misticismo es entendido aquí como discernimiento, cuya base fundamental se encuentra en el análisis y en la teoría del lenguaje que diferencian entre el ser y el quehacer del lenguaje mismo, propuestas por Benjamin | ||
| 650 | |a FILOSOFIA | ||
| 650 | |a TEORIA SOCIAL | ||
| 650 | |a REVOLUCION | ||
| 773 | |g número 100 (II); páginas 77-85 | ||
| 999 | |c 31481 |d 31481 | ||
| 773 | 0 | |0 18728 |9 3037 |a Universidad de Costa Rica |d San José, Costa Rica Editorial UCR 1956- |o 17128 |t Revista de Ciencias Sociales/ |x 04825276 | |
